[Event "BCF-chT3 0809 (4NCL)"]
[Site "Hinckley Island"]
[Date "2009.02.08"]
[Round "6.1"]
[White "Webb, Richard M"]
[Black "Cooley, Oliver Jr"]
[Result "1/2-1/2"]
[WhiteElo "2266"]
[BlackElo "2128"]
[PlyCount "27"]
[EventDate "2008.10.18"]
[EventType "team-swiss"]
[EventRounds "11"]
[EventCountry "ENG"]
[SourceTitle "EXT 2010"]
[Source "ChessBase"]
[SourceDate "2010.11.25"]
[SourceVersion "1"]
[SourceVersionDate "2010.11.25"]
[SourceQuality "1"]
[WhiteTeam "AMCA Dragons"]
[BlackTeam "Cambridge II"]
[WhiteTeamCountry "ENG"]
[BlackTeamCountry "ENG"]

1. e4 d5 2. exd5 Qxd5 3. Nc3 Qa5 4. d4 Nf6 5. Nf3 c6 6. Bd2 Bg4 7. h3 Bh5 8. g4 Bg6 9. Ne5 Nbd7 10. Nxg6 hxg6 11. Qf3 e6 12. 0-0-0 Nd5 13. Kb1 Bb4 14. Nxd5 1/2-1/2

[Event "BCF-chT 0708 (4NCL)"]
[Site "Sunningdale"]
[Date "2008.05.05"]
[Round "11.7"]
[White "Cooley, Oliver Jr"]
[Black "Van Weersel, Arlette"]
[Result "1/2-1/2"]
[WhiteElo "2117"]
[BlackElo "2203"]
[PlyCount "87"]
[EventDate "2007.09.15"]
[EventType "team-tourn"]
[EventRounds "11"]
[EventCountry "ENG"]
[SourceTitle "EXT 2008"]
[Source "ChessBase"]
[SourceDate "2007.11.25"]
[SourceVersion "1"]
[SourceVersionDate "2007.11.25"]
[SourceQuality "1"]
[WhiteTeam "Cambridge"]
[BlackTeam "Sambuca Sharks"]
[WhiteTeamCountry "ENG"]
[BlackTeamCountry "ENG"]

1. e4 e5 2. Nf3 Nc6 3. Nc3 Nf6 4. Bb5 Nd4 5. Bc4 Bc5 6. d3 0-0 7. Bg5 c6 8. 0-0 h6 9. Bh4 g5 10. Bg3 d5 11. exd5 cxd5 12. Nxd5 Nxd5 13. Nxe5 Be6 14. Qh5 Kg7 15. c3 Nf5 16. d4 Bb6 17. Bd3 Nf6 18. Qe2 Rc8 19. f4 Nxg3 20. hxg3 Bc7 21. Kh2 Bxe5 22. fxe5 Nd5 23. Qe4 Rh8 24. c4 Nb4 25. d5 Nxd5 26. cxd5 Qxd5 27. Qf3 Qxf3 28. gxf3 Rhd8 29. Rad1 Bxa2 30. f4 Bb3 31. Bf5 Bxd1 32. Bxc8 Rxc8 33. Rxd1 Rc2+ 34. Kh3 gxf4 35. gxf4 Rxb2 36. Rd7 Kf8 37. Kg4 a5 38. f5 a4 39. f6 Ke8 40. Re7+ Kf8 41. Rc7 h5+ 42. Kxh5 Ke8 43. Re7+ Kf8 44. Rc7 1/2-1/2

[Event "BCF-chT4 0607 (4NCL)"]
[Site "Sunningdale"]
[Date "2007.05.27"]
[Round "10.23"]
[White "Cooley, Oliver Jr"]
[Black "Levens, David G"]
[Result "1-0"]
[WhiteElo "2090"]
[BlackElo "2085"]
[PlyCount "63"]
[EventDate "2006.09.16"]
[EventType "team"]
[EventRounds "11"]
[EventCountry "ENG"]
[SourceTitle "EXT 2008"]
[Source "ChessBase"]
[SourceDate "2007.11.25"]
[SourceVersion "1"]
[SourceVersionDate "2007.11.25"]
[SourceQuality "1"]
[WhiteTeam "Cambridge II"]
[BlackTeam "Notts"]
[WhiteTeamCountry "ENG"]
[BlackTeamCountry "ENG"]

1. e4 c5 2. Nf3 d6 3. d4 cxd4 4. Nxd4 Nf6 5. Nc3 g6 6. Be3 Bg7 7. f3 a6 8. Qd2 Qc7 9. 0-0-0 Nbd7 10. g4 Ne5 11. g5 Nfd7 12. Nd5 Qb8 13. f4 Ng4 14. f5 Nxe3 15. Qxe3 h5 16. fxg6 fxg6 17. Ne6 Ne5 18. Nec7+ Kf7 19. Be2 Rd8 20. Rhf1+ Kg8 21. Nxe7+ Kh7 22. Nxa8 Qxa8 23. Bxh5 gxh5 24. g6+ Kh8 25. Qg5 Bg4 26. h3 Nf3 27. Qd5 Bh6+ 28. Kb1 Rd7 29. hxg4 Rxe7 30. Rxf3 Qe8 31. Qxh5 Kg7 32. g5 1-0

[Event "BCF-chT2 0607 (4NCL)"]
[Site "Sunningdale"]
[Date "2007.03.03"]
[Round "7.7"]
[White "Cooley, Oliver Jr"]
[Black "Cumbers, Paul"]
[Result "1-0"]
[WhiteElo "2105"]
[BlackElo "2144"]
[PlyCount "61"]
[EventDate "2006.09.16"]
[EventType "team"]
[EventRounds "11"]
[EventCountry "ENG"]
[SourceTitle "EXT 2008"]
[Source "ChessBase"]
[SourceDate "2007.11.25"]
[SourceVersion "1"]
[SourceVersionDate "2007.11.25"]
[SourceQuality "1"]
[WhiteTeam "Cambridge"]
[BlackTeam "White Rose"]
[WhiteTeamCountry "ENG"]
[BlackTeamCountry "ENG"]

1. e4 e6 2. d4 d5 3. e5 c5 4. c3 Nc6 5. Nf3 Bd7 6. Be2 f6 7. 0-0 Qc7 8. Re1 0-0-0 9. Bf4 Nge7 10. Qd2 Ng6 11. Bg3 fxe5 12. Bb5 Nb8 13. Nxe5 Nxe5 14. Bxe5 Qb6 15. a4 a6 16. dxc5 Bxc5 17. b4 axb5 18. bxc5 Qa5 19. Na3 bxa4 20. Bd6 Na6 21. Qd4 Rde8 22. Rab1 Nc7 23. Rb6 Rhg8 24. Reb1 e5 25. Rxb7 Bf5 26. Qxa4 Bxb1 27. Qxa5 Kxb7 28. Qxc7+ Ka8 29. Qc6+ Ka7 30. Qb6+ Ka8 31. Qa6# 1-0

[Event "BCF-chT4 0607 (4NCL)"]
[Site "Sunningdale"]
[Date "2006.09.24"]
[Round "2.1"]
[White "Cooley, Oliver Jr"]
[Black "Hoffmann, Hendrik"]
[Result "1/2-1/2"]
[WhiteElo "2101"]
[BlackElo "2329"]
[PlyCount "85"]
[EventDate "2006.09.16"]
[EventType "team"]
[EventRounds "11"]
[EventCountry "ENG"]
[SourceTitle "CBM 115 Extra"]
[Source "ChessBase"]
[SourceDate "2007.01.10"]
[SourceVersion "1"]
[SourceVersionDate "2007.01.10"]
[SourceQuality "1"]
[WhiteTeam "Cambridge II"]
[BlackTeam "Celtic Tigers"]
[WhiteTeamCountry "ENG"]
[BlackTeamCountry "ENG"]

1. e4 c5 2. Nf3 d6 3. d4 cxd4 4. Nxd4 Nf6 5. Nc3 a6 6. g3 b5 7. Bg2 Bb7 8. 0-0 e6 9. Re1 Qc7 10. e5 dxe5 11. Bxb7 Qxb7 12. Qf3 Qxf3 13. Nxf3 Nc6 14. Bg5 Nd4 15. Nxd4 exd4 16. Bxf6 gxf6 17. Nd5 Rc8 18. c3 Be7 19. Nxe7 Kxe7 20. cxd4 Rhd8 21. Rac1 Rxc1 22. Rxc1 Rxd4 23. Rc7+ Rd7 24. Rc6 Ra7 25. Rc8 f5 26. Rh8 Rc7 27. Ra8 Rc6 28. b3 e5 29. a4 bxa4 30. bxa4 e4 31. Kf1 Ke6 32. Ke2 Kd5 33. Ke3 Ke5 34. Re8+ Re6 35. Rc8 Rb6 36. Rc5+ Ke6 37. Kf4 Rb2 38. Re5+ Kd6 39. Rxf5 Rxf2+ 40. Kxe4 Rxh2 41. Rxf7 Kc5 42. Rb7 Kc6 43. Rg7 1/2-1/2

[Event "BCF-chT4 0506 (4NCL)"]
[Site "West Bromwich"]
[Date "2006.05.29"]
[Round "11.1"]
[White "Edgell, Ben P"]
[Black "Cooley, Oliver Jr"]
[Result "0-1"]
[WhiteElo "2095"]
[BlackElo "2085"]
[PlyCount "60"]
[EventDate "2005.11.05"]
[EventType "team"]
[EventRounds "11"]
[EventCountry "ENG"]
[SourceTitle "CBM 109 Extra"]
[Source "ChessBase"]
[SourceDate "2006.01.03"]
[SourceVersion "2"]
[SourceVersionDate "2006.01.03"]
[SourceQuality "1"]
[WhiteTeam "Slough Sharks IV"]
[BlackTeam "Cambridge II"]
[WhiteTeamCountry "ENG"]
[BlackTeamCountry "ENG"]

1. d4 Nf6 2. Nf3 g6 3. g3 Bg7 4. Bg2 c5 5. d5 d6 6. 0-0 b5 7. Re1 0-0 8. e4 Nbd7 9. c3 Rb8 10. Qc2 c4 11. Nd4 Ne5 12. h3 Bd7 13. Nd2 Qc8 14. Kh2 Nd3 15. Re2 e5 16. N4f3 Nh5 17. Ne1 Nhf4 18. gxf4 Nxf4 19. Re3 Bh6 20. Rg3 f5 21. Nf1 fxe4 22. Ne3 Nd3 23. Nxd3 exd3 24. Qd1 Bf4 25. Nf1 Bxg3+ 26. fxg3 Rf2 27. Kg1 Rf7 28. Kh2 Rf2 29. Kg1 Re2 30. Bf3 Qc5+ 0-1

[Event "Varsity Oxbridge m 122nd"]
[Site "London"]
[Date "2004.03.13"]
[Round "?.6"]
[White "Ozeren, Kemal"]
[Black "Cooley, Oliver Jr"]
[Result "1-0"]
[WhiteElo "2226"]
[BlackElo "2097"]
[PlyCount "115"]
[EventDate "2004.03.13"]
[EventType "team"]
[EventRounds "1"]
[EventCountry "ENG"]
[SourceTitle "CBM 099 Extra"]
[Source "ChessBase"]
[SourceDate "2004.05.04"]
[SourceVersion "1"]
[SourceVersionDate "2004.05.04"]
[SourceQuality "1"]

1. d4 g6 2. Nf3 Nf6 3. Nc3 Bg7 4. e4 d6 5. Be3 0-0 6. Qd2 e5 7. dxe5 dxe5 8. Qxd8 Rxd8 9. Bc4 Nc6 10. Ng5 Rd7 11. Bb5 a6 12. Bxc6 bxc6 13. Nf3 Bb7 14. Nd2 Rad8 15. f3 Ne8 16. 0-0-0 f5 17. Nb3 Bf8 18. Na4 Rxd1+ 19. Rxd1 Rxd1+ 20. Kxd1 fxe4 21. Nac5 Bc8 22. Nxe4 Nd6 23. Na5 Nxe4 24. fxe4 Bd7 25. Ke2 Kf7 26. Nc4 Kf6 27. b3 h5 28. Nb2 Bb4 29. Nd3 Bg4+ 30. Kf2 Bf8 31. Bc5 Bxc5+ 32. Nxc5 Bc8 33. h4 g5 34. g3 gxh4 35. gxh4 Ke7 36. b4 Be6 37. a3 Bc4 38. Ke1 Kd6 39. Kd2 Bf1 40. Kc3 Be2 41. Kb3 Bf3 42. Ka4 Bd1 43. Ka5 Bxc2 44. Kxa6 Bxe4 45. Nxe4+ Kd5 46. Nc5 e4 47. Nxe4 Kxe4 48. Kb7 Kd5 49. a4 Kc4 50. a5 Kxb4 51. a6 c5 52. a7 c4 53. a8Q Kb3 54. Qa1 c5 55. Qc1 c3 56. Kc6 c4 57. Qb1+ Ka3 58. Kc5 1-0

[Event "Smith & Williamson YM-B 11th"]
[Site "Witley"]
[Date "2001.07.17"]
[Round "4"]
[White "Cooley, Oliver Jr"]
[Black "Chevannes, Sabrina"]
[Result "1-0"]
[WhiteElo "2079"]
[BlackElo "1584"]
[PlyCount "71"]
[EventDate "2001.07.13"]
[EventType "swiss"]
[EventRounds "11"]
[EventCountry "ENG"]
[SourceTitle "EXT 2005"]
[Source "ChessBase"]
[SourceDate "2004.11.15"]
[SourceVersion "1"]
[SourceVersionDate "2004.11.15"]
[SourceQuality "1"]

1. e4 c6 2. d4 d5 3. e5 c5 4. c3 Nc6 5. Bb5 e6 6. Nf3 Qb6 7. Ba4 Nge7 8. dxc5 Qc7 9. b4 Bd7 10. 0-0 a5 11. Na3 Ng6 12. Nb5 Qb8 13. Nd6+ Bxd6 14. exd6 b5 15. Bb3 axb4 16. cxb4 Nxb4 17. Qd4 Na6 18. Be3 0-0 19. Rfc1 Qe8 20. Ne5 Nxe5 21. Qxe5 f6 22. Qc3 Bc6 23. Qd2 Qg6 24. Bc2 Qf7 25. a4 b4 26. Bd3 Rfb8 27. Qc2 Qb7 28. Bd2 e5 29. Bb5 d4 30. Qc4+ Kf8 31. Bxb4 Bd5 32. c6 Qf7 33. d7+ Kg8 34. Bxa6 Rxb4 35. Qxb4 Qg6 36. Bf1 1-0

[Event "Smith & Williamson YM-B 10th"]
[Site "Witley"]
[Date "2000.07.22"]
[Round "11"]
[White "Cooley, Oliver Jr"]
[Black "Anguelov, Iva"]
[Result "1/2-1/2"]
[WhiteElo "2050"]
[BlackElo "2084"]
[PlyCount "102"]
[EventDate "2000.07.17"]
[EventType "swiss"]
[EventRounds "11"]
[EventCountry "ENG"]
[SourceTitle "EXT 2001"]
[Source "ChessBase"]
[SourceDate "2000.11.22"]
[SourceVersion "1"]
[SourceVersionDate "2000.11.22"]
[SourceQuality "1"]

1. e4 d5 2. exd5 Qxd5 3. Nc3 Qa5 4. d4 Nf6 5. Bc4 c6 6. Nf3 Bf5 7. 0-0 Qc7 8. Re1 e6 9. Qe2 Bd6 10. h3 0-0 11. Nh4 Bg6 12. Nxg6 hxg6 13. Ne4 Nxe4 14. Qxe4 Qe7 15. Bd2 Re8 16. Rad1 Nd7 17. Bb3 Nf6 18. Qe2 Nd5 19. c4 Nf6 20. a3 Rad8 21. Qf3 Qc7 22. Bc3 Be7 23. Re3 Nd7 24. d5 Nc5 25. dxe6 Rxd1+ 26. Bxd1 Nxe6 27. Bc2 Bc5 28. Re1 Re7 29. Qg4 Qf4 30. Qxf4 Nxf4 31. Rxe7 Bxe7 32. Kf1 Bf6 33. Bd2 Ne6 34. b3 Nd4 35. Bd1 Be7 36. a4 c5 37. Be3 Nf5 38. Bf4 Bd6 39. Bd2 Kf8 40. Ke2 Ke7 41. Kd3 Ke6 42. Bg4 Be5 43. Be3 b6 44. f4 Bb8 45. Ke4 Bc7 46. Bxf5+ gxf5+ 47. Kf3 Bd8 48. g4 Bf6 49. Bd2 Bd4 50. g5 f6 51. g6 a5 1/2-1/2

[Event "BCF-chT2 9900 (4NCL)"]
[Site "Birmingham"]
[Date "2000.05.01"]
[Round "11.5"]
[White "Hackett, David G"]
[Black "Cooley, Oliver Jr"]
[Result "1-0"]
[WhiteElo "2193"]
[BlackElo "1896"]
[PlyCount "111"]
[EventDate "1999.10.??"]
[EventType "team"]
[EventRounds "11"]
[EventCountry "ENG"]
[SourceTitle "EXT 2001"]
[Source "ChessBase"]
[SourceDate "2000.11.22"]
[SourceVersion "1"]
[SourceVersionDate "2000.11.22"]
[SourceQuality "1"]
[WhiteTeam "Witney"]
[BlackTeam "South County Stars"]
[WhiteTeamCountry "ENG"]
[BlackTeamCountry "ENG"]

1. e4 e5 2. Nf3 Nc6 3. Bb5 a6 4. Bxc6 dxc6 5. 0-0 Bd6 6. d4 Bg4 7. dxe5 Bxf3 8. Qxf3 Bxe5 9. Nd2 Qf6 10. Qxf6 Nxf6 11. Nf3 Nd7 12. Nxe5 Nxe5 13. Bf4 f6 14. Rad1 Ke7 15. Bxe5 fxe5 16. Rd3 Rad8 17. Rfd1 Rd6 18. Kf1 Rhd8 19. Ke2 Ke6 20. Kf3 Rf8+ 21. Ke3 Rf6 22. Rf1 b5 23. b4 Rxd3+ 24. cxd3 g5 25. d4 Rf4 26. dxe5 Kxe5 27. f3 Rf8 28. Rc1 Kd6 29. Rc5 h6 30. Kd4 Ra8 31. e5+ Kd7 32. Rc3 a5 33. Ra3 Rf8 34. bxa5 Rf4+ 35. Ke3 c5 36. a6 Rf8 37. Ke4 b4 38. Rd3+ Ke6 39. g3 Ra8 40. f4 gxf4 41. gxf4 Rxa6 42. f5+ Ke7 43. Rd2 c4 44. e6 b3 45. axb3 cxb3 46. Rd7+ Ke8 47. Rxc7 Rb6 48. Ke5 Kd8 49. Rd7+ Ke8 50. f6 Rb5+ 51. Kf4 Rb8 52. Rh7 Rb4+ 53. Ke5 Kd8 54. Rd7+ Kc8 55. f7 Rb5+ 56. Kf6 1-0

[Event "BCF-chT2 9900 (4NCL)"]
[Site "Birmingham"]
[Date "2000.01.23"]
[Round "6.7"]
[White "Tidman, Sophie E"]
[Black "Cooley, Oliver Jr"]
[Result "0-1"]
[WhiteElo "2072"]
[BlackElo "1896"]
[PlyCount "58"]
[EventDate "1999.10.??"]
[EventType "team"]
[EventRounds "11"]
[EventCountry "ENG"]
[SourceTitle "EXT 2001"]
[Source "ChessBase"]
[SourceDate "2000.11.22"]
[SourceVersion "1"]
[SourceVersionDate "2000.11.22"]
[SourceQuality "1"]
[WhiteTeam "Bristol II"]
[BlackTeam "South County Stars"]
[WhiteTeamCountry "ENG"]
[BlackTeamCountry "ENG"]

1. e4 d5 2. exd5 Qxd5 3. Nc3 Qa5 4. d4 Nf6 5. Bc4 Bf5 6. Nge2 e6 7. Bd2 c6 8. 0-0 Qc7 9. Ng3 Bg6 10. Nce2 Bd6 11. f4 Nbd7 12. Bb3 c5 13. f5 exf5 14. Bf4 Bxf4 15. Nxf4 0-0 16. d5 c4 17. Ba4 b5 18. h4 h6 19. Kh1 bxa4 20. d6 Qc5 21. c3 Nb6 22. b4 cxb3 23. axb3 Qxc3 24. Rf3 Qb4 25. bxa4 Rad8 26. Rb1 Rxd6 27. Qf1 Qxa4 28. Nxg6 fxg6 29. h5 Qh4+ 0-1

[Event "BCF-chT2 9900 (4NCL)"]
[Site "Birmingham"]
[Date "2000.01.22"]
[Round "5.7"]
[White "Cooley, Oliver Jr"]
[Black "Moore, John C"]
[Result "0-1"]
[WhiteElo "1896"]
[BlackElo "2148"]
[PlyCount "98"]
[EventDate "1999.10.??"]
[EventType "team"]
[EventRounds "11"]
[EventCountry "ENG"]
[SourceTitle "EXT 2001"]
[Source "ChessBase"]
[SourceDate "2000.11.22"]
[SourceVersion "1"]
[SourceVersionDate "2000.11.22"]
[SourceQuality "1"]
[WhiteTeam "South County Stars"]
[BlackTeam "Barbican II"]
[WhiteTeamCountry "ENG"]
[BlackTeamCountry "ENG"]

1. e4 e5 2. Nf3 Nc6 3. Nc3 Nf6 4. Bb5 Bb4 5. 0-0 0-0 6. d3 d6 7. Bg5 Bxc3 8. bxc3 Qe7 9. Nd2 h6 10. Bh4 Nd8 11. d4 Ne6 12. d5 Nf4 13. f3 Ng6 14. Bf2 Nh5 15. c4 a6 16. Ba4 Nhf4 17. Kh1 Qg5 18. Rg1 b6 19. Qe1 h5 20. Be3 Qe7 21. g3 Nh3 22. Rf1 Ng5 23. Qe2 Bh3 24. Rg1 Bc8 25. c3 f5 26. Bc2 f4 27. gxf4 Nxf4 28. Bxf4 Rxf4 29. Qg2 Nh3 30. Rge1 Bd7 31. Re3 Raf8 32. Bd3 R8f6 33. c5 bxc5 34. Bxa6 Kh7 35. Ree1 Rg6 36. Qe2 Qh4 37. Rf1 Rg1+ 38. Rxg1 Nf2+ 39. Qxf2 Qxf2 40. Rg2 Qe3 41. Rag1 Rf7 42. Nb1 h4 43. Bf1 Bh3 44. a4 Bxg2+ 45. Bxg2 Qe2 46. a5 Qa2 47. Bh3 Rxf3 48. Bf5+ Kh8 49. Be6 Rf2 0-1

[Event "BCF-chT2 9900 (4NCL)"]
[Site "Birmingham"]
[Date "1999.11.21"]
[Round "4.6"]
[White "Cooley, Oliver Jr"]
[Black "Jones, Gawain C B"]
[Result "0-1"]
[WhiteElo "1896"]
[BlackElo "1928"]
[PlyCount "82"]
[EventDate "1999.10.??"]
[EventType "team"]
[EventRounds "11"]
[EventCountry "ENG"]
[SourceTitle "EXT 2001"]
[Source "ChessBase"]
[SourceDate "2000.11.22"]
[SourceVersion "1"]
[SourceVersionDate "2000.11.22"]
[SourceQuality "1"]
[WhiteTeam "South County Stars"]
[BlackTeam "Thistle White Rose"]
[WhiteTeamCountry "ENG"]
[BlackTeamCountry "ENG"]

1. e4 c5 2. Nf3 d6 3. d4 cxd4 4. Nxd4 Nf6 5. Nc3 g6 6. Be3 Bg7 7. f3 0-0 8. Qd2 Nc6 9. 0-0-0 d5 10. exd5 Nxd5 11. Nxc6 bxc6 12. Bd4 e5 13. Bc5 Be6 14. Ne4 Re8 15. Bc4 a5 16. h4 h6 17. g4 a4 18. Ba3 Rb8 19. h5 g5 20. Nc3 Nxc3 21. Qxc3 Qb6 22. Bxe6 Rxe6 23. Bc5 Qb5 24. a3 Ree8 25. Bb4 e4 26. Qe3 Be5 27. Kb1 c5 28. Rd5 Bd4 29. Rxd4 cxd4 30. Qxd4 Qb6 31. Qd5 e3 32. Re1 e2 33. Qd3 Qe6 34. Bd2 Rbd8 35. Qc3 Qd5 36. Bc1 Qd1 37. Qb4 Qxe1 38. Qxe1 Rd1 39. Qc3 e1Q 40. Qf6 Rxc1+ 41. Ka2 Ra1# 0-1

[Event "BCF-chT2 9900 (4NCL)"]
[Site "Birmingham"]
[Date "1999.10.09"]
[Round "1.6"]
[White "Frost, Nicholas"]
[Black "Cooley, Oliver Jr"]
[Result "1-0"]
[WhiteElo "2040"]
[BlackElo "1896"]
[PlyCount "175"]
[EventDate "1999.10.??"]
[EventType "team"]
[EventRounds "11"]
[EventCountry "ENG"]
[SourceTitle "EXT 2001"]
[Source "ChessBase"]
[SourceDate "2000.11.22"]
[SourceVersion "1"]
[SourceVersionDate "2000.11.22"]
[SourceQuality "1"]
[WhiteTeam "Perceptron Youth"]
[BlackTeam "South County Stars"]
[WhiteTeamCountry "ENG"]
[BlackTeamCountry "ENG"]

1. e4 d5 2. exd5 Qxd5 3. Nc3 Qa5 4. Be2 Nf6 5. Nf3 Bf5 6. 0-0 c6 7. b4 Qc7 8. Nd4 Bg6 9. b5 e5 10. Nb3 Nd5 11. Bb2 Bd6 12. d4 e4 13. h3 0-0 14. bxc6 bxc6 15. Nxd5 cxd5 16. c4 dxc4 17. Rc1 Nc6 18. Bxc4 Qb6 19. Qe2 Nb4 20. Bc3 Rac8 21. Bxb4 Qxb4 22. Bd5 Bf4 23. Rxc8 Rxc8 24. Qg4 Qb8 25. g3 Rd8 26. Bc6 Qb6 27. d5 Be5 28. Nd2 Qd4 29. Nb3 Qb2 30. Qg5 f6 31. Qd2 Qa3 32. Rc1 Bf7 33. Nc5 Qb2 34. Qxb2 Bxb2 35. Rd1 Ba3 36. Nb7 Rc8 37. d6 Be6 38. d7 Bxd7 39. Bxd7 Rc7 40. Be6+ Kf8 41. Na5 Bc5 42. Nb3 Bb6 43. Kg2 Rc2 44. Rd2 Rc3 45. Bf5 e3 46. fxe3 Rxe3 47. Nc1 g6 48. Bd3 Ke7 49. Re2 Kd6 50. Rxe3 Bxe3 51. Ne2 f5 52. Kf3 Bd2 53. Bc4 h6 54. Nf4 g5 55. Nd3 Bc3 56. g4 fxg4+ 57. hxg4 Ke7 58. Ke4 Kf6 59. Bb5 Ba1 60. Nb4 Bb2 61. Nc6 h5 62. gxh5 g4 63. Kf4 g3 64. Kxg3 Kg5 65. Be2 a6 66. a4 Bc3 67. Nd8 a5 68. Nc6 Bd2 69. Nd4 Be1+ 70. Kg2 Bc3 71. Nb5 Bb4 72. Kf2 Bc5+ 73. Ke1 Be3 74. Kd1 Kf5 75. Kc2 Ke4 76. Kc3 Kd5 77. Nc7+ Kc6 78. Ne6 Bh6 79. Nd4+ Kc5 80. Nf5 Bf4 81. h6 Kd5 82. h7 Be5+ 83. Kb3 Ke6 84. Bd3 Kf7 85. Kc4 Kg6 86. Nd6+ Kg7 87. Nb7 Bc7 88. Kb5 1-0